1287 1682 1611 1549 1191 1652 1998 1263 1550 1619 1816 1118 1221 1643 1113 1504 1646 1362 1440 1052 1393 1218 1365 1970 1737 1159 1806 1557 1832 1824 1705 1345 1512 1608 1618 1585 1364 1401 1285 1644 1960 1574 1080 1793 1329 1858 1943 1384 1911 1408 1653 1540 1796 1745 1312 1102 1192 1037 1806 1186 1446 1169 1247 1844 1547 1688 1243 1215 1169 1119 1349 1755 1899 1815 1623 1840 1044 1457 1564 1450 1552 1309 1366 1835 1484 1017 1176 1375 1566 1780 1189 1257 1629 1525 1015 1303 1112 1363 1136 BCNSPRNW ULIB Ver.6.0+V

เปลี่ยนเป็นภาษาไทย

Change to English
 แสดงรายละเอียดบรรณานุกรม
  กลับหน้าหลัก

Brief Record : Get Marc (ISO 2709) : E-mail record : QR code < ปิดหน้าต่าง
LEADER : 00000nam 2200000uu 4500
001    13399127452
003     ULIB
008    200527s2561||||th 000 0 tha d
020 ^- ^a9786164682696
050 ^- ^aLB1028^bท151ก
100 0^ aทรงศักดิ์ ภูสีอ่อน.
245 10 ^aการวิจัยและพัฒนาทางการศึกษา = RESEARCH AND DEVELOPMENT IN EDUCATION /^cทรงศักดิ์ ภูสีอ่อน.
246 11 ^aRESEARCH AND DEVELOPMENT IN EDUCATION
250    ^aพิมพ์ครั้งที่ 1
260 ^- ^aมหาสารคาม :^bตักสิลาการพิมพ์,^c2561
300 ^- ^a372 หน้า :^bภาพประกอบ.
650 ^4 ^aการศึกษา^xวิจัย.
945    ^p0^l0^i28333
945    ^p250^l0^i28334
945    ^p250^l0^i28335
945    ^p250^l0^i28336
945    ^p250^l0^i28337
999    ^aกัณชพร จุลอักษร
รายการนี้ยังไม่มีแท็ก
คุณยังไม่ได้ล็อกอิน คุณสามารถมีกิจกรรมร่วมกับเว็บไซต์ได้ แต่ต้องล็อกอินก่อน ::
  ล็อกอิน

รายการสื่อสารสนเทศ

ลำดับที่ ประเภท เลขเรียก/บาร์โค้ด สถานที่ สถานะ
1. หนังสือสำรอง
หนังสือสำรอง
LB1028 ท151ก ฉ.1 
  Barcode: 28333
ห้องสมุดวิทยาเขตนครสวรรค์
►หนังสือทั่วไป:l:General Books
บนชั้น
2. วิทยาศาสตร์การแพทย์ และสุขภาพ
วิทยาศาสตร์การแพทย์ และสุขภาพ
LB1028 ท151ก ฉ.2 
  Barcode: 28334
ห้องสมุดวิทยาเขตนครสวรรค์
►หนังสือทั่วไป:l:General Books
บนชั้น
3. วิทยาศาสตร์การแพทย์ และสุขภาพ
วิทยาศาสตร์การแพทย์ และสุขภาพ
LB1028 ท151ก ฉ.3 
  Barcode: 28335
ห้องสมุดวิทยาเขตนครสวรรค์
►หนังสือทั่วไป:l:General Books
บนชั้น
4. วิทยาศาสตร์การแพทย์ และสุขภาพ
วิทยาศาสตร์การแพทย์ และสุขภาพ
LB1028 ท151ก ฉ.4 
  Barcode: 28336
ห้องสมุดวิทยาเขตนครสวรรค์
►หนังสือทั่วไป:l:General Books
บนชั้น
5. วิทยาศาสตร์การแพทย์ และสุขภาพ
วิทยาศาสตร์การแพทย์ และสุขภาพ
LB1028 ท151ก ฉ.5 
  Barcode: 28337
ห้องสมุดวิทยาเขตนครสวรรค์
►หนังสือทั่วไป:l:General Books
บนชั้น

BibComment


ยังไม่เคยถูกคอมเมนท์

คอมเมนท์ทรัพยากรรายการนี้
  คอมเมนท์: การวิจัยและพัฒนา..


 Copyright 2026. Bcnsprnw @Library